International property guide (Record no. 119134)

MARC details
000 -LEADER
fixed length control field 01039cas a22002295 4500
001 - CONTROL NUMBER
control field L139822
008 - FIXED-LENGTH DATA ELEMENTS--GENERAL INFORMATION
fixed length control field 111114c2011 xxuar ws ss 0 a0eng u
035 ## - SYSTEM CONTROL NUMBER
System control number (Sirsi) u139822
041 0# - LANGUAGE CODE
Language code of text/sound track or separate title eng
050 ## - LIBRARY OF CONGRESS CALL NUMBER
Classification number 333.33 $2 18
110 2# - MAIN ENTRY--CORPORATE NAME
Corporate name or jurisdiction name as entry element NAI Global
9 (RLIN) 5315
245 00 - TITLE STATEMENT
Title International property guide
Medium [electronic resource]
260 3# - PUBLICATION, DISTRIBUTION, ETC.
Place of publication, distribution, etc. Princeton
Name of publisher, distributor, etc. NAI Global
Date of publication, distribution, etc. 2011-
362 0# - DATES OF PUBLICATION AND/OR SEQUENTIAL DESIGNATION
Dates of publication and/or sequential designation 2011-
490 #0 - SERIES STATEMENT
Series statement NAI Global International Property Guide
Volume/sequential designation 2011-
520 ## - SUMMARY, ETC.
Summary, etc. Provides acquisition and costs, landlord and tenant information including rent reviews, indexation, repairs and maintenance for countries in the following regions: Asia Pacific, Europe, Middle East and Africa, Latin America and the Caribbean, and North America.
650 24 - SUBJECT ADDED ENTRY--TOPICAL TERM
Topical term or geographic name entry element NAI GLOBAL INTERNATIONAL PROPERTY GUIDE
651 #4 - SUBJECT ADDED ENTRY--GEOGRAPHIC NAME
Geographic name International
690 ## - LOCAL SUBJECT ADDED ENTRY--TOPICAL TERM (OCLC, RLIN)
Topical term or geographic name as entry element PROPERTY-COMMERCIAL PROPERTY-COMMERCIAL PROPERTY MARKET
856 40 - ELECTRONIC LOCATION AND ACCESS
Uniform Resource Identifier <a href="https://www.naiglobal.com/GlobalPubs/default.aspx?pubType=NAID00000007">https://www.naiglobal.com/GlobalPubs/default.aspx?pubType=NAID00000007</a>
Public note View the item free of charge at www.naiglobal.com
942 ## - ADDED ENTRY ELEMENTS (KOHA)
Suppress in OPAC 0
Source of classification or shelving scheme Dewey Decimal Classification
Holdings
Withdrawn status Lost status Source of classification or shelving scheme Damaged status Not for loan Home library Current library Shelving location Date acquired Total Checkouts Full call number Barcode Date last seen Copy number Price effective from Koha item type
    Dewey Decimal Classification     Virtual Virtual Online 13/08/2007   ONLINE PUBLICATION 139822-2001 06/08/2019 1 06/08/2019 Book